000 00213 a2200109 4500
020 _a9788497007702
041 _aspa
100 _aGil Martinez, Carmen
245 _aSoy Una Bruja
942 _cBK
999 _c15182
_d15182
999 _d15182